ბათუმის შოთა რუსთაველის სახელმწიფო უნივერსიტეტის ბიბლიოთეკა

ეკოლოგიური პრობლემების გასაღები ტყეების ეფექტურ მოვლა-აღდგენასა და გონივრულ გამოყენებაშია / (ბიბ.ჩანაწერი № 45498)

000 -ლიდერი
ფიქსირებული სიგრძის საკონტროლო ველი 01441nam a2200217Ia 4500
001 - საკონტროლო ნომერი
საკონტროლო ველი 12323
003 - საკონტროლო ნომრის იდენტიფიკატორი
საკონტროლო ველი GE_BSU
005 - ბოლო ოპერაციის თარიღი და დრო
საკონტროლო ველი 20240703171032.0
008 - ფიქსირებული სიგრძის მონაცემთა ელემენტები - ზოგადი ინფორმაცია
ფიქსირებული სიგრძის საკონტროლო ველი 181216s2014||||geo|||||||||||||| ||ge ||
040 ## - კატალოგიზაციის წყარო
Transcribing agency GE_BSU
041 ## - ენის კოდი
Language code of text/sound track or separate title geo
080 ## - უნივერსალური ათობითი კლასიფიკაციის ინდექსი
Universal Decimal Classification number 630.4+574 ბ-44
100 ## - მთავარი ჩანაწერი - პიროვნების სახელი
Personal name გვაზავა, ლევან
9 (RLIN) 8295
245 ## - ცნობა სათაურის შესახებ
Title ეკოლოგიური პრობლემების გასაღები ტყეების ეფექტურ მოვლა-აღდგენასა და გონივრულ გამოყენებაშია /
Statement of responsibility, etc ლევან გვაზავა ; მთ. რედ. რევაზ ობოლაძე ; სატყეო მოამბე - საერთაშორისო რეფერირებული სამეცნ.-პრაქტ. ჟურნალის 2014 წ. N 7-ის დამატება.
264 ## - წარმოების, გამოცემის, დისტრიბუციის და სხვა ცნობები
გამოცემის, წარმოების, დისტრიბუციის... ადგილი თბილისი :
გამოცემის, წარმოების, დისტრიბუციის... სახელწოდება [?],
გამოცემის, წარმოების, დისტრიბუციის... თარიღი 2014.
300 ## - ფიზიკური აღწერა
Extent 130 გვ. ;
Dimensions 20 სმ.
653 ## - INDEX TERM--UNCONTROLLED
Uncontrolled term ეკოლოგიური პრობლემების გასაღები ტყეების ეფექტურ მოვლა-აღდგენასა და გონივრულ გამოყენებაშია.
653 ## - INDEX TERM--UNCONTROLLED
Uncontrolled term სატყეო მოამბე
700 ## - ADDED ENTRY--PERSONAL NAME
Personal name ობოლაძე, რ. (რევაზ)
Relator term რედაქტორი
9 (RLIN) 22701
942 ## - ADDED ENTRY ELEMENTS (KOHA)
Koha item type წიგნი
Source of classification or shelving scheme
ეგზემპლარები
ჩამოწერის სტატუსი დაკარგული ეგზემპლარის სტატუსი კლასიფიკაციის წყარო ან თაროზე გაწყობის სქემა დაზიანების სტატუსი არ გაიცემა მუდმივი მდებარეობა (დაცვის ადგილი) ამჟამინდელი ადგილსამყოფელი თაროზე განთავსების ადგილი შეძენის თარიღი სრული შენახვის შიფრი შტრიხკოდი ბოლო ოპერაციის თარიღი ეგზემპლარის მიმდევრობითი ნომერი (კეტერი?) ფასის ძალაში შესვლის თარიღი ეგზემპლარის სახეობა
          ბათუმის შოთა რუსთაველის სახელმწიფო უნივერსიტეტის მთავარი ბიბლიოთეკა ბათუმის შოთა რუსთაველის სახელმწიფო უნივერსიტეტის მთავარი ბიბლიოთეკა წიგნსაცავი 2018-12-17 630.4+574 ბ-44 27059 2018-12-17 27059 2018-12-17 წიგნი